[Event "Tivat op"]
[Site "Tivat"]
[Date "1995.??.??"]
[Round "1"]
[White "Miljanic, Boro"]
[Black "Batricevic, Danilo"]
[Result "1-0"]
[WhiteElo "2385"]
[BlackElo "2195"]
[PlyCount "33"]
[EventDate "1995.??.??"]
[EventType "swiss"]
[EventRounds "11"]
[EventCountry "YUG"]
[SourceTitle "EXT 2000"]
[Source "ChessBase"]
[SourceDate "1999.11.16"]
[SourceVersion "1"]
[SourceVersionDate "1999.11.16"]
[SourceQuality "1"]

1. e4 c6 2. c4 g6 3. d4 d6 4. Nc3 Nd7 5. Nf3 Bg7 6. Be2 e5 7. 0-0 Ne7 8. Be3 0-0 9. Qd2 Qc7 10. Rad1 exd4 11. Nxd4 Ne5 12. f4 Ng4 13. Bxg4 Bxg4 14. Rde1 Rad8 15. f5 gxf5 16. exf5 Qd7 17. f6 1-0